<?xml version="1.0" encoding="UTF-8"?>
<record
    xmlns:xsi="http://www.w3.org/2001/XMLSchema-instance"
    xsi:schemaLocation="http://www.loc.gov/MARC21/slim http://www.loc.gov/standards/marcxml/schema/MARC21slim.xsd"
    xmlns="http://www.loc.gov/MARC21/slim">

  <leader>00654pam a2200157 a 4500</leader>
  <datafield tag="020" ind1=" " ind2=" ">
    <subfield code="a">0566007215 :</subfield>
  </datafield>
  <datafield tag="020" ind1=" " ind2=" ">
    <subfield code="a">0566051052 (pbk.)</subfield>
  </datafield>
  <datafield tag="040" ind1=" " ind2=" ">
    <subfield code="c">DLC</subfield>
  </datafield>
  <datafield tag="082" ind1="0" ind2="0">
    <subfield code="a">331 GOW 1985 A068 Or.</subfield>
  </datafield>
  <datafield tag="245" ind1="0" ind2="0">
    <subfield code="a">Women in rice farming :</subfield>
    <subfield code="b">proceedings of a conference on women in rice farming systems, the International Rice Research Institute, P.O. Box 933, Manila, Philippines, 26-30 September 1983.</subfield>
  </datafield>
  <datafield tag="260" ind1=" " ind2=" ">
    <subfield code="a">Aldershot, Hants, England ;</subfield>
    <subfield code="a">Brookfield, Vt., U.S.A. :</subfield>
    <subfield code="b">Gower ;</subfield>
    <subfield code="a">Manila, Philippines :</subfield>
    <subfield code="b">IRRI,</subfield>
    <subfield code="c">c1985.</subfield>
  </datafield>
  <datafield tag="300" ind1=" " ind2=" ">
    <subfield code="a">xxxiv, 531 p. :</subfield>
    <subfield code="b">ill. ;</subfield>
    <subfield code="c">23 cm.</subfield>
  </datafield>
  <datafield tag="650" ind1=" " ind2="0">
    <subfield code="a">Women rice workers</subfield>
  </datafield>
  <datafield tag="710" ind1="2" ind2=" ">
    <subfield code="a">International Rice Research Institute.</subfield>
  </datafield>
  <datafield tag="942" ind1=" " ind2=" ">
    <subfield code="c">EK</subfield>
  </datafield>
  <datafield tag="999" ind1=" " ind2=" ">
    <subfield code="c">14859</subfield>
    <subfield code="d">14859</subfield>
  </datafield>
  <datafield tag="952" ind1=" " ind2=" ">
    <subfield code="0">0</subfield>
    <subfield code="1">0</subfield>
    <subfield code="4">0</subfield>
    <subfield code="6">331_000000000000000_GOW_1985_A068_OR</subfield>
    <subfield code="7">0</subfield>
    <subfield code="9">67570</subfield>
    <subfield code="a">LBA</subfield>
    <subfield code="b">LBA</subfield>
    <subfield code="c">A068</subfield>
    <subfield code="d">2017-10-30</subfield>
    <subfield code="o">331 GOW 1985 A068 Or.</subfield>
    <subfield code="p">A17685</subfield>
    <subfield code="r">2017-10-30</subfield>
    <subfield code="w">2017-10-30</subfield>
    <subfield code="y">EK</subfield>
  </datafield>
</record>
